|
|
|
|
| LEADER |
00000naa2a2200000 4500 |
| 001 |
384345 |
| 005 |
20231101063234.0 |
| 035 |
|
|
|a (RuTPU)RU\TPU\prd\10919
|
| 090 |
|
|
|a 384345
|
| 100 |
|
|
|a 20030221a2002 k y0rusy50 ca
|
| 101 |
0 |
|
|a rus
|
| 102 |
|
|
|a RU
|
| 200 |
1 |
|
|a Клонирование млекопитающих
|f Л. С. Бочарова, Т. А. Чайлахян, Л. М. Чайлахян
|
| 225 |
1 |
|
|a Проблемы и методы науки
|
| 461 |
|
1 |
|0 (RuTPU)RU\TPU\prd\1643
|t Химия и жизнь - XXI век
|o научно-популярный журнал
|f Роспром ; Институт новых технологий (ИНТ)
|d 1996-
|
| 463 |
|
1 |
|0 (RuTPU)RU\TPU\prd\2491
|t № 2
|v С. 16-18
|d 2002
|
| 610 |
1 |
|
|a млекопитающие
|
| 610 |
1 |
|
|a клонирование
|
| 700 |
|
1 |
|a Бочарова
|b Л. С.
|
| 701 |
|
1 |
|a Чайлахян
|b Т. А.
|
| 701 |
|
1 |
|a Чайлахян
|b Л. М.
|
| 801 |
|
1 |
|a RU
|b 63413507
|c 20030221
|g PSBO
|
| 801 |
|
2 |
|a RU
|b 63413507
|c 20120903
|g RCR
|
| 942 |
|
|
|c BK
|